[Event "Mazowieckie-chT 0506"]
[Site "Poland"]
[Date "2005.12.04"]
[Round "5"]
[White "Kandalski, Wojciech"]
[Black "Kaska, Wladyslaw"]
[Result "0-1"]
[WhiteElo "2000"]
[BlackElo "1772"]
[PlyCount "80"]
[EventDate "2005.10.09"]
[EventType "team-tourn"]
[EventRounds "9"]
[EventCountry "POL"]
[SourceTitle "EXT 2019"]
[Source "ChessBase"]
[SourceDate "2018.10.10"]
[SourceVersion "1"]
[SourceVersionDate "2018.10.10"]
[SourceQuality "1"]

1. d4 d5 2. c4 e6 3. Nc3 Nf6 4. e3 g6 5. Bd3 dxc4 6. Bxc4 Bg7 7. Nge2 0-0 8. 0-0 b6 9. e4 Bb7 10. Ng3 Nbd7 11. Bg5 h6 12. Be3 Rc8 13. Rc1 c5 14. Nb5 cxd4 15. Bxd4 Nc5 16. e5 Nfd7 17. Nd6 Rc7 18. b4 Qa8 19. bxc5 Bxg2 20. Re1 bxc5 21. Bc3 Nb6 22. Bf1 Bf3 23. Be2 Bg2 24. Qd3 Nd5 25. Bf3 Nf4 26. Bxa8 Nxd3 27. Bxg2 Nxe1 28. Rxe1 Rd7 29. Nge4 Rc7 30. Ba5 Re7 31. Nxc5 Rb8 32. Bb7 g5 33. Kg2 Kh7 34. Kg3 h5 35. h4 g4 36. Kf4 Bh6+ 37. Ke4 Rg8 38. Nc8 Rxb7 39. Nxb7 Rxc8 40. Nd6 Rc7 0-1